Sports Quiz

Random Sports or Country Quiz

Tennis Men's Top 20 Quiz Stats

Quiz not verified by Sporcle

Challenge
Share
Tweet
Embed
Score 0/20 Timer 03:00
0 Plays Today
Country Player % Correct
SUIFederer
100%
SRBDjokovic
100%
ESPNadal
100%
GBRMurray
98.9%
FRATsonga
98.9%
ESPFerrer
97.8%
ARGDel Potro
96.7%
USAIsner
90.2%
CZEBerdych
89.1%
SUIWawrinka
87%
Country Player % Correct
CANRaonic
82.6%
CROCilic
79.3%
FRAGasquet
78.3%
SRBTipsarevic
77.2%
JPNNishikori
75%
FRASimon
73.9%
ESPAlmagro
70.7%
ARGMonaco
63%
UKRDolgopolov
62%
GERKohlschreiber
60.9%

You're not logged in!

Compare scores with friends on all Sporcle quizzes.
Join for Free
OR
Log In

You Might Also Like...

Show Comments

Extras

Top Quizzes Today


Score Distribution

Your Account Isn't Verified!

In order to create a playlist on Sporcle, you need to verify the email address you used during registration. Go to your Sporcle Settings to finish the process.

Report this User

Report this user for behavior that violates our Community Guidelines.

Details: